Rodowód Jezusa Chrystusa - Statystyki

Ogólne statystyki
  • Ten quiz został rozwiązany 123 razy
  • Średni wynik to 10 z 41
Statystyki odpowiedzi
Nr pokolenia Przodek % Poprawnych
1. Abraham
99%
2. Izaak
85%
3. Jakub
75%
4. Juda
41%
14. Dawid
34%
40. Józef
31%
15. Salomon
29%
39. Jakub
25%
13. Jesse
25%
41. Jezus Chrystus
25%
5. Fares
24%
11. Booz
19%
8. Aminadab
18%
7. Aram
18%
28. Jechoniasz
18%
9. Naasson
18%
12. Obed
18%
16. Roboam
18%
10. Salmon
18%
30. Zorobabel
18%
17. Abiasz
16%
33. Azor
16%
32. Eliakim
16%
24. Ezechiasz
16%
6. Ezron
16%
34. Sadok
16%
23. Achaz
15%
36. Eliud
15%
20. Joram
15%
27. Jozjasz
15%
25. Manasses
15%
38. Mattan
15%
31. Abiud
13%
26. Amos
13%
18. Asa
13%
37. Eleazar
13%
22. Joatam
13%
19. Jozafat
13%
21. Ozjasz
13%
29. Salatiel
13%
35. Achim
12%
Nie znaleziono quizów pasujących do podanych kryteriów
Rozkład punktacji
Procent ludzi z każdym wynikiem
Percentyl według liczby udzielonych odpowiedzi
Twoja historia wyników
Nie rozwiązałeś tego quizu